Loading...

Economic and environmental accounting for sustainable development

Bibliographic Details
Main Author: Siddhartha Sarkar
Format: Printed Book
Published: Delhi Abhijeet Publishers 2006
Subjects:
LEADER 00570cam a2200181ua 4500
020 |a 81-88683-97-3 
082 |a 333.7  |b SID/E 
100 0 |a Siddhartha Sarkar 
245 0 0 |a Economic and environmental accounting for sustainable development  
260 |a Delhi  |b Abhijeet Publishers  |c 2006 
300 |a 304p. 
500 |a Includes index. 
650 |a Economics 
650 0 |a Environmental economics 
650 0 |a Developemnt 
942 |c BK 
999 |c 16906  |d 16906 
952 |0 0  |1 0  |4 0  |6 333_700000000000000_SIDE  |7 0  |9 17636  |a KUCL  |b KUCL  |d 2014-05-23  |l 0  |o 333.7 SID/E  |p 18331  |r 2014-05-23  |y BK